<?xml version="1.0" encoding="UTF-8"?>
<record
    xmlns:xsi="http://www.w3.org/2001/XMLSchema-instance"
    xsi:schemaLocation="http://www.loc.gov/MARC21/slim http://www.loc.gov/standards/marcxml/schema/MARC21slim.xsd"
    xmlns="http://www.loc.gov/MARC21/slim">

  <leader>00798nam a22002537a 4500</leader>
  <controlfield tag="005">20170123162355.0</controlfield>
  <datafield tag="010" ind1=" " ind2=" ">
    <subfield code="a">A-778178</subfield>
  </datafield>
  <datafield tag="020" ind1=" " ind2=" ">
    <subfield code="c">00.00</subfield>
  </datafield>
  <datafield tag="035" ind1=" " ind2=" ">
    <subfield code="a">A-778178</subfield>
  </datafield>
  <datafield tag="037" ind1=" " ind2=" ">
    <subfield code="b">Cen Lib/Ret</subfield>
  </datafield>
  <datafield tag="040" ind1=" " ind2=" ">
    <subfield code="a">DPL</subfield>
    <subfield code="b">UR</subfield>
  </datafield>
  <datafield tag="082" ind1=" " ind2=" ">
    <subfield code="a">840.92</subfield>
    <subfield code="b">&#x62D; &#x645; &#x6CC; </subfield>
  </datafield>
  <datafield tag="100" ind1=" " ind2=" ">
    <subfield code="a">&#x62D;&#x645;&#x6CC;&#x62F;&#x6C1; &#x633;&#x627;&#x644;&#x645; </subfield>
    <subfield code="9">139041</subfield>
  </datafield>
  <datafield tag="245" ind1=" " ind2=" ">
    <subfield code="a">: &#x634;&#x648;&#x631;&#x634;&#x650; &#x62F;&#x64E;&#x648;&#x631;&#x627;&#x6BA;</subfield>
    <subfield code="c">&#x62D;&#x645;&#x6CC;&#x62F;&#x6C1; &#x633;&#x627;&#x644;&#x645; </subfield>
    <subfield code="b">/ &#x6CC;&#x627;&#x62F;&#x6CC;&#x6BA; </subfield>
  </datafield>
  <datafield tag="246" ind1=" " ind2=" ">
    <subfield code="a">Shorish-e-dauran: yaden /</subfield>
    <subfield code="b">by Hamida Salim</subfield>
  </datafield>
  <datafield tag="260" ind1=" " ind2=" ">
    <subfield code="a">&#x646;&#x6CC; &#x62F;&#x6C1;&#x644;&#x6CC;</subfield>
    <subfield code="b">&#x627;&#x62F;&#x628; &#x67E;&#x628;&#x644;&#x6CC; &#x6A9;&#x6CC;&#x634;&#x646;&#x632; </subfield>
    <subfield code="c">1995</subfield>
  </datafield>
  <datafield tag="270" ind1=" " ind2=" ">
    <subfield code="a">&#x663;&#x666;&#x664;-A &#x686;&#x631;&#x627;&#x6AF; &#x62F;&#x6C1;&#x644;&#x6CC; </subfield>
    <subfield code="b">&#x646;&#x6CC; &#x62F;&#x6C1;&#x644;&#x6CC;</subfield>
    <subfield code="e">110017</subfield>
  </datafield>
  <datafield tag="300" ind1=" " ind2=" ">
    <subfield code="a">329p.</subfield>
    <subfield code="c">21cm(Hb)</subfield>
  </datafield>
  <datafield tag="650" ind1=" " ind2=" ">
    <subfield code="a"> &#x627;&#x631;&#x62F;&#x648; &#x627;&#x62F;&#x628;</subfield>
    <subfield code="v"> </subfield>
    <subfield code="9">139042</subfield>
  </datafield>
  <datafield tag="650" ind1=" " ind2=" ">
    <subfield code="a">&#x627;&#x62F;&#x6CC;&#x628; </subfield>
    <subfield code="9">536</subfield>
  </datafield>
  <datafield tag="650" ind1=" " ind2=" ">
    <subfield code="a">Urdu literature</subfield>
    <subfield code="9">139043</subfield>
  </datafield>
  <datafield tag="650" ind1=" " ind2=" ">
    <subfield code="a">Adeeb </subfield>
    <subfield code="9">538</subfield>
  </datafield>
  <datafield tag="942" ind1=" " ind2=" ">
    <subfield code="2">ddc</subfield>
    <subfield code="c">UR</subfield>
    <subfield code="h">840.92</subfield>
    <subfield code="m">&#x62D; &#x645; &#x6CC; </subfield>
  </datafield>
  <datafield tag="999" ind1=" " ind2=" ">
    <subfield code="c">109542</subfield>
    <subfield code="d">109542</subfield>
  </datafield>
  <datafield tag="952" ind1=" " ind2=" ">
    <subfield code="0">0</subfield>
    <subfield code="1">0</subfield>
    <subfield code="4">0</subfield>
    <subfield code="7">0</subfield>
    <subfield code="a">L</subfield>
    <subfield code="b">L</subfield>
    <subfield code="d">2016-03-18</subfield>
    <subfield code="e">Cen Lib/Ref</subfield>
    <subfield code="g">0.00</subfield>
    <subfield code="l">1</subfield>
    <subfield code="o">840.92 &#x62D; &#x645; &#x6CC;</subfield>
    <subfield code="p">A-778178</subfield>
    <subfield code="r">2018-09-08 00:00:00</subfield>
    <subfield code="s">2018-08-25</subfield>
    <subfield code="t">1</subfield>
    <subfield code="v">0.00</subfield>
    <subfield code="w">2016-03-18</subfield>
    <subfield code="y">UR</subfield>
  </datafield>
</record>
